| 000 | 00431nam a2200181Ia 4500 | ||
|---|---|---|---|
| 005 | 20240823031734.0 | ||
| 008 | 240823s9999||||xx |||||||||||||| ||und|| | ||
| 041 | _aENGLISH | ||
| 082 | _A005.133 N3 | ||
| 100 | _aJamsa Kris A | ||
| 245 | 0 | _aProgramming in C | |
| 250 | _a1st | ||
| 260 |
_c1993 _b"Galgotia,New Delhi" |
||
| 500 | _aTRANSFERED | ||
| 650 |
_aProgramming _bSoftware Engineering |
||
| 942 | _cBK | ||
| 999 |
_c191783 _d191783 |
||